000 00565nam a2200133 a 4500
008 070514s2006 ||||||||||||||||| || u
050 _aUN-ESC(02)
110 _aUnited Nations Economic and Social Affairs (UNESA)
245 1 0 _aReport on the first and second regular sessions and annual session of 2005
260 _aNew York
_bUNITED NATIONS
_c2006
300 _aiii,45p. ill.
350 _a0.00
995 _D0.00
_FCBU-MAIN LIBRARY (Kitwe)
_H1
_I0.00
_M1
_UAVAILABLE
_WMay 14, 2007
_ZInternational Publications
999 _c56207
_d56207